Statistiques concernant Les Pokémon de la 7G

Cliquez ici pour prendre le quiz!

Statistiques générales

  • Ce quiz a été pris 2,991 fois
    (778 depuis la dernière actualisation)
  • Le résultat moyen est 54 sur 88

Statistiques - réponses

Pokémon % Correct
722Brindibou
98%
725Flamiaou
96%
728Otaquin
96%
791Solgaleo
93%
726Matoufeu
93%
727Félinferno
93%
730Oratoria
93%
792Lunala
93%
729Otarlette
91%
724Archéduc
90%
723Efflèche
89%
733Bazoucan
78%
800Necrozma
77%
794Mouscoto
75%
731Picassaut
74%
789Cosmog
73%
734Manglouton
72%
745Lougaroc
72%
744Rocabot
71%
785Tokorico
70%
797Bamboiselle
70%
799Engloutyran
70%
788Tokopisco
70%
735Argouste
70%
787Tokotoro
69%
793Zéroïd
69%
790Cosmovum
68%
732Piclairon
68%
738Lucanon
68%
798Katagami
68%
795Cancrelove
67%
737Chrysapile
66%
796Cablifère
65%
736Larvibule
64%
763Sucreine
64%
778Mimiqui
63%
777Togedemaru
63%
786Tokopiyon
63%
746Froussardine
63%
807 Zeraora
61%
754Floramantis
61%
784Ekaïser
60%
776Boumata
60%
782Bébécaille
60%
758Malamandre
59%
761Croquine
59%
783Ecaïd
58%
757Tritox
58%
753Mimantis
58%
805Ama-Ama
58%
762Candine
58%
749Tiboudet
57%
801Magearna
55%
750Bourrinos
55%
752Tarenbulle
54%
751Araqua
53%
741Plumeline
53%
767Sovkipou
52%
780Draïeul
52%
803Vémini
52%
739Crabagarre
51%
740Crabominable
50%
772Type:0
48%
806Pierroteknik
48%
802Marshadow
47%
808Meltan
47%
804Mandrillon
47%
809Melmetal
47%
768Sarmuraï
47%
742Bombydou
47%
765Gouroutan
47%
743Rubombelle
45%
760Chelours
45%
748Prédastérie
44%
759Nounourson
44%
747Vorastérie
44%
779Denticrisse
43%
773Silvallié
42%
766Quartermac
41%
770Trépassable
40%
769Bacabouh
40%
774Météno
39%
756Lampignon
39%
781Sinistrail
38%
755Spododo
38%
764Guérilande
38%
771Concombaffe
35%
775Dodoala
34%

Distribution des résultats

Percentile par nombre de réponses

% des personnes avec chaque résultat

Votre développement - résultats

Vous n’avez pas pris ce quiz depuis la dernière actualisation